000
00303nam a22001337a 4500
008
170911b xxu||||| |||| 00| 0 eng d
020
_a
2900470528524
041
_a
eng
080
_a
91
100
_a
42
101
_a
GJEO
245
_a
DISCOVERING PHYSICAL GEOGRAPHY
_c
ARBOGAST, A.F
942
_2
udc
_c
BK
999
_c
26960
_d
26960